Największe europejskie miasta na literę M - Quiz z mapą - Statystyki

Ogólne statystyki
  • Ten quiz został rozwiązany 90 razy
  • Średni wynik to 12 z 20
Odpowiedzi na mapie
Odpowiedzi zakodowano w zielono-czerwonej skali na mapie do tego quizu, zgodnie z poniższymi procentami.
 
Statystyki odpowiedzi
Liczba
Ludnośc
Kraj Miasto % Poprawnych
3266126 Hiszpania Madryt
100%
1371498 Włochy Mediolan
98%
1995471 Białoruś Mińsk
98%
1512491 Niemcy Monachium
98%
12655050 Rosja Moskwa
95%
568996 Wielka Brytania Manchester
91%
868277 Francja Marsylia
90%
325065 Szwecja Malmo
84%
574654 Hiszpania Malaga
76%
431859 Ukraina Mariupol
55%
287847 Rosja Murmańsk
51%
462979 Hiszpania Murcja
45%
299096 Francja Montpellier
44%
470011 Ukraina Mikołajów
36%
357100 Białoruś Mohylew
33%
315554 Niemcy Mannheim
31%
316403 Niemcy Munster
25%
270279 Niemcy Monchengladbach
24%
321820 Ukraina Makijewka
4%
245643 Rosja Mytiszczi
3%
Nie znaleziono quizów pasujących do podanych kryteriów
Rozkład punktacji
Procent ludzi z każdym wynikiem
Percentyl według liczby udzielonych odpowiedzi
Twoja historia wyników
Nie rozwiązałeś tego quizu